Harry Potter en français - Statistiques

Statistiques générales
  • Ce quiz a été pris 1 120 fois
    1 017 depuis la dernière actualisation
  • Le résultat moyen est 227 sur 474
Statistiques - réponses
Catégories Indice Réponse % Correct
Auteure de la Saga J.K. Rowling
96%
Animaux et couleurs des emblêmes des Maisons Serpentard Vert
93%
Animaux et couleurs des emblêmes des Maisons Serdaigle Bleu
92%
Animaux et couleurs des emblêmes des Maisons Poufsouffle Jaune
92%
Animaux et couleurs des emblêmes des Maisons Gryffondor Or
92%
Animaux et couleurs des emblêmes des Maisons Gryffondor Rouge
92%
Animaux et couleurs des emblêmes des Maisons Serpentard Serpent
92%
Directeurs de Poudlard Albus Dumbledore
91%
Guerre des Sorciers Ordre du Phénix Albus Dumbledore
91%
Directeurs de Poudlard Severus Rogue
91%
Professeurs de Poudlard Potions Severus Rogue
91%
Professeurs de Poudlard Défense contre les Forces du Mal Severus Rogue
91%
Guerre des Sorciers Anciens Mangemorts Severus Rogue
91%
Guerre des Sorciers Ordre du Phénix Severus Rogue
91%
Animaux et couleurs des emblêmes des Maisons Serdaigle Aigle
90%
Animaux et couleurs des emblêmes des Maisons Gryffondor Lion
90%
Fondateurs de Poudlard Salazar Serpentard
89%
Elèves de Serdaigle 1990 Cho Chang
88%
Fondateurs de Poudlard Godric Gryffondor
88%
Elèves de Gryffondor 1991 Harry Potter
88%
Quidditch Equipe de Gryffondor Harry Potter
88%
Objets magiques Les Horcruxes Harry Potter
88%
Professeurs de Poudlard Défense contre les Forces du Mal Dolores Ombrage
87%
Autres employés du Ministère Sous-secrétaire d'Etat Dolores Ombrage
87%
Directeurs de Poudlard Minerva McGonagall
87%
Professeurs de Poudlard Métamorphose Minerva McGonagall
87%
Guerre des Sorciers Ordre du Phénix Minerva McGonagall
87%
Animaux et couleurs des emblêmes des Maisons Poufsouffle Noir
87%
Professeurs de Poudlard Défense contre les Forces du Mal Remus Lupin
87%
Guerre des Sorciers Ordre du Phénix Remus Lupin
87%
Fondateurs de Poudlard Rowena Serdaigle
87%
Animaux et couleurs des emblêmes des Maisons Serpentard Argent
86%
Exceptions à la loi de Gamp Argent
86%
Elèves de Serpentard 1991 Drago Malefoy
86%
Elèves de Gryffondor 1991 Ron Weasley
86%
Quidditch Equipe de Gryffondor Ron Weasley
86%
Professeurs de Poudlard Soins aux Créatures Magiques Rubeus Hagrid
86%
Personnel de Poudlard Garde-chasse Rubeus Hagrid
86%
Guerre des Sorciers Ordre du Phénix Rubeus Hagrid
86%
Fondateurs de Poudlard Helga Poufsouffle
85%
Quidditch Equipe de Serpentard Drago Malefoy
84%
Guerre des Sorciers Mangemorts Drago Malefoy
84%
Elèves de Gryffondor 1991 Hermione Granger
84%
Personnel de Poudlard Concierge Argus Rusard
83%
Animaux et couleurs des emblêmes des Maisons Poufsouffle Blaireau
83%
Professeurs de Poudlard Défense contre les Forces du Mal Alastor Maugrey
82%
Guerre des Sorciers Ordre du Phénix Alastor Maugrey
82%
Autres employés du Ministère Bureau des Aurors Alastor Maugrey
82%
Lieux de la saga Prison des Sorciers Azkaban
81%
Professeurs de Poudlard Défense contre les Forces du Mal Gilderoy Lockhart
81%
Professeurs de Poudlard Botanique Pomona Chourave
81%
Elèves de Gryffondor 1989 Fred Weasley
80%
Elèves de Gryffondor 1989 George Weasley
80%
Quidditch Balles Le Vif d'Or
80%
Professeurs de Poudlard Défense contre les Forces du Mal Quirinus Quirrell
80%
Quidditch Postes Attrapeur
79%
Elèves de Serdaigle 1992 Luna Lovegood
79%
Fantômes de Poudlard Gryffondor Nick Quasi-sans-tête
79%
Professeurs de Poudlard Vol Renée Bibine
79%
Animagus James Potter Cerf
78%
Patronus Harry Potter Cerf
78%
Patronus James Potter Cerf
78%
Animagus Minerva McGonagall Chat
78%
Patronus Minerva McGonagall Chat
78%
Patronus Dolores Ombrage Chat
78%
Professeurs de Poudlard Sortilèges Filius Flitwick
78%
Quidditch Postes Gardien
78%
Elèves de Gryffondor 1992 Ginny Weasley
78%
Quidditch Equipe de Gryffondor Ginny Weasley
78%
Animagus Sirius Black Chien
77%
Elèves de Serpentard 1991 Gregory Goyle
77%
Quidditch Equipe de Serpentard Gregory Goyle
77%
Elèves de Serpentard 1991 Vincent Crabbe
77%
Quidditch Equipe de Serpentard Vincent Crabbe
77%
Quidditch Balles Les Cognards
76%
Elèves de Gryffondor 1991 Neville Londubat
76%
Personnel de Poudlard Infirmière Poppy Pomfresh
76%
Quidditch Postes Batteur
75%
Pièces et Endroits de Poudlard Aussi appelée la Pièce va-et-vient La Salle sur Demande
75%
Lieux de la saga Voie d'où part le Poudlard Express La voie 9 3/4
75%
Quidditch Balles Le Souafle
75%
Animaux et Créatures Serpent de Voldemort Nagini
75%
Objets magiques Les Horcruxes Nagini
75%
Professeurs de Poudlard Divination Sibylle Trelawney
75%
Lieux de la saga Banque des Sorciers Gringotts
74%
Elèves de Gryffondor 1990 Katie Bell
74%
Quidditch Equipe de Gryffondor Katie Bell
74%
Pièces et Endroits de Poudlard Accueille l'Héritier de Serpentard La Chambre des Secrets
74%
Fantômes de Poudlard Serpentard Le Baron Sanglant
74%
Elèves de Gryffondor 1987 Olivier Dubois
74%
Quidditch Equipe de Gryffondor Olivier Dubois
74%
Animaux et Créatures Elfes de maison Dobby
73%
Fantômes de Poudlard Serdaigle La Dame Grise
73%
Lieux de la saga Rue magique de Londres Le Chemin de Traverse
73%
Lieux de la saga Gouvernement sorcier Le Ministère de la Magie
73%
Patronus Nymphadora Tonks Lièvre puis Loup
73%
Elèves de Gryffondor 1987 Percy Weasley
73%
Quidditch Postes Poursuiveur
73%
Animagus Peter Pettigrow Rat
73%
Elèves de Gryffondor 1991 Seamus Finnigan
73%
Patronus Lily Potter Biche
72%
Patronus Severus Rogue Biche
72%
Animaux et Créatures Chouette de Harry Hedwige
72%
Lieux de la saga Boutique de Baguettes magiques Ollivanders
72%
Animaux et couleurs des emblêmes des Maisons Serdaigle Bronze
71%
Animaux et Créatures Hippogriffe de Hagrid puis Sirius Buck
71%
Elèves de Poufsouffle 1989 Cédric Diggory
71%
Animaux et Créatures Rat de Ron Croûtard
71%
Professeurs de Poudlard Potions Horace Slughorn
71%
Elèves de Gryffondor 1991 Dean Thomas
70%
Professeurs de Poudlard Divination Firenze
70%
Animaux et Créatures Centaures Firenze
70%
Guerre des Sorciers Premier Ordre du Phénix James Potter
70%
Pièces et Endroits de Poudlard Abrite des centaures et des acromentules La Forêt Interdite
69%
Guerre des Sorciers Partisans de Voldemort Les Mangemorts
69%
Lieux de la saga Lieu de vie des Weasley Le Terrier
69%
Fantômes de Poudlard Elève Mimi Geignarde
69%
Les Maraudeurs Sirius Black Patmol
69%
Animaux et Créatures Araignée de Hagrid Aragog
68%
Patronus Hermione Granger Loutre
68%
Fantômes de Poudlard Poufsouffle Le Moine Gras
67%
Animaux et Créatures Chat de Hermione Pattenrond
67%
Patronus Fred et George Weasley Pie
67%
Guerre des Sorciers Mangemorts Goyle
66%
Pièces et Endroits de Poudlard Celle de Gryffondor est dans une tour Les salles communes
66%
Guerre des Sorciers Organisation fondée par Dumbledore L'Ordre du Phénix
66%
Guerre des Sorciers Mangemorts Lucius Malefoy
66%
Animaux et Créatures Dragon de Hagrid Norbert
66%
Lieux de la saga Village de Sorciers Pré-au-Lard
66%
Elèves de Gryffondor 1989 Angelina Johnson
65%
Quidditch Equipe de Gryffondor Angelina Johnson
65%
Animaux et Créatures Chien de Hagrid Crockdur
65%
Animaux et Créatures Phénix de Dumbledore Fumseck
65%
Animaux et Créatures La Chambre des Secrets en abritait un Le Basilic
65%
Guerre des Sorciers Premier Ordre du Phénix Lily Potter
65%
Patronus Remus Lupin Loup
65%
Animaux et Créatures Chatte de Rusard Miss Teigne
65%
Elèves de Serpentard 1991 Pansy Parkinson
65%
Animaux et Créatures Esprit frappeur de Poudlard Peeves
65%
Animaux et Créatures Chien à trois têtes Touffu
65%
Patronus Albus Dumbledore Phénix
64%
Professeurs de Poudlard Défense contre les Forces du Mal Amycus Carrow
63%
Guerre des Sorciers Mangemorts Amycus Carrow
63%
Elèves de Gryffondor 1992 Colin Crivey
63%
Lieux de la saga Adresse des Dursley 4 Privet Drive
62%
Guerre des Sorciers Ordre du Phénix Arthur Weasley
62%
Autres employés du Ministère Service des détournements de l'artisanat moldu Arthur Weasley
62%
Les Maraudeurs James Potter Cornedrue
62%
Lieux de la saga Gare d'où part le Poudlard Express King's Cross
62%
Animaux et Créatures Son sang maintient en vie quiconque le boit La Licorne
62%
Lieux de la saga Auberge qui permet de s'y rendre Le Chaudron Baveur
62%
Objets magiques "Ensemble, elles font de vous le maître de la mort" Les Reliques de la Mort
62%
Patronus Luna Lovegood Lièvre
62%
Les Maraudeurs Remus Lupin Lunard
62%
Vocabulaire sorcier Insulte pour un Sorcier né-Moldu Sang de Bourbe
62%
Quidditch Joueurs connus Viktor Krum
62%
Sortilèges impardonnables Avada Kedavra
61%
Guerre des Sorciers Mangemorts Bellatrix Lestrange
61%
Guerre des Sorciers Ordre du Phénix Bill Weasley
61%
Ministres de la Magie 1991 - 1996 Cornelius Fudge
61%
Objets magiques Les Reliques de la Mort La Baguette de Sureau
61%
Lieux de la saga Maison la plus hantée de Grande-Bretagne La Cabane hurlante
61%
Objets magiques Les Reliques de la Mort La Cape d'Invisibilité
61%
Animaux et Créatures Crapaud de Neville Trevor
61%
Animaux et Créatures Se transforme en fonction des peurs de chacun Un Epouvantard
61%
Professeurs de Poudlard Etude des Moldus Alecto Carrow
60%
Guerre des Sorciers Mangemorts Alecto Carrow
60%
Guerre des Sorciers Mangemorts Crabbe
60%
Animaux et Créatures Elfes de maison Kreattur
60%
Animaux et Créatures Aspirent tout le bonheur qu'il y a en quelqu'un Les Détraqueurs
60%
Pièces et Endroits de Poudlard Professeur Chourave s'y sent bien Les serres
60%
Animaux et Créatures Quirrell en a fait rentrer un à Poudlard Le Troll des montagnes
60%
Objets magiques On y dissimule une partie de son âme Un Horcruxe
60%
Professeurs de Poudlard Astronomie Aurora Sinistra
59%
Patronus Ginny Weasley Cheval
59%
Animaux et Créatures Géant, frère de Hagrid Graup
59%
Objets magiques Détermine dans quelle maison l'élève sera attribué Le Choixpeau magique
59%
Objets magiques Les Horcruxes Le Diadème de Serdaigle
59%
Elèves de Gryffondor 1991 Parvati Patil
59%
Professeurs de Poudlard Histoire de la Magie Cuthbert Binns
58%
Lieux de la saga Ecole ayant un penchant pour la Magie noire Durmstrang
58%
Vocabulaire sorcier Langue des serpents que certains sorciers maîtrisent Fourchelang
58%
Lieux de la saga Rue magique malfamée L'Allée des Embrumes
58%
Vocabulaire sorcier Sorcier qui n'a pas de Moldus dans sa famille Sang Pur
58%
Lieux de la saga Académie de Magie française Beauxbatons
57%
Guerre des Sorciers Ordre du Phénix Charlie Weasley
57%
Pièces et Endroits de Poudlard On s'y trouve les jours de match Le terrain de Quidditch
57%
Vocabulaire sorcier Sorcier ayant appris à se transformer en animal Animagus
56%
Sortilèges impardonnables Doloris
56%
Lieux de la saga Village des parents de Harry Godric's Hollow
56%
Objets magiques Les Horcruxes La Bague des Gaunt
56%
Objets magiques Désigne les champions du Tournoi des 3 Sorciers La Coupe de Feu
56%
Animaux et Créatures N'est visible que si on a vu la mort Le Sombral
56%
Guerre des Sorciers Ordre du Phénix Nymphadora Tonks
56%
Autres employés du Ministère Bureau des Aurors Nymphadora Tonks
56%
Les Maraudeurs Peter Pettigrow Queudver
56%
Lieux de la saga Hôpital des Sorciers Sainte Mangouste, pour les maladies et blessures magiques
56%
Animagus Rita Skeeter Scarabée
56%
Guerre des Sorciers Ordre du Phénix Sirius Black
56%
Moyens de transport sorciers Impossible dans l'enceinte de Poudlard Transplanage
56%
Objets magiques Elle choisit son sorcier Une Baguette magique
56%
Animaux et Créatures Gobelins Gripsec
55%
Sortilèges impardonnables Imperium
55%
Personnel de Poudlard Bibliothècaire Irma Pince
55%
Objets magiques Les Horcruxes La Coupe de Poufsouffle
55%
Objets magiques Les Reliques de la Mort La Pierre de Resurrection
55%
Pièces et Endroits de Poudlard Professeur Sinistra y donne des cours La tour d'astronomie
55%
Elèves de Gryffondor 1991 Lavande Brown
55%
Lieux de la saga Pub populaire de ce village Les Trois Balais
55%
Vocabulaire sorcier Sorcier qui a des Moldus dans sa famille Sang Mêlé
55%
Quelques Sortilèges Sortilège du Patronus Spero Patronum
55%
Objets magiques Lettre qui hurle son contenu Une Beuglante
55%
Animaux et Créatures Chouette des Weasley Errol
54%
Pièces et Endroits de Poudlard Se trouve au-dessus des cuisines La Grande Salle
54%
Pièces et Endroits de Poudlard Mimi y trouve Harry en 4ème année La salle de bains des préfets
54%
Objets magiques Les Horcruxes Le Médaillon de Serpentard
54%
Quelques Sortilèges Sortilège d'Allumage de baguette Lumos
54%
Potions Préparé par Hermione en deuxième année Polynectar
54%
Quelques Sortilèges Sortilège de Stupéfixion Stupéfix
54%
Potions A porté chance à Harry Felix Felicis
53%
Guerre des Sorciers Ordre du Phénix Kingsley Shacklebolt
53%
Ministres de la Magie 1998 - Kingsley Shacklebolt
53%
Autres employés du Ministère Bureau des Aurors Kingsley Shacklebolt
53%
Plantes magiques Permet de ranimer les êtres pétrifiés La Mandragore
53%
Elèves de Serdaigle 1991 Padma Patil
53%
Moyens de transport sorciers Arrive à la gare de Pré-au-Lard Poudlard Express
53%
Vocabulaire sorcier Argent sorcier Gallion
52%
Objets magiques Objet inventé par les Maraudeurs La carte du Maraudeur
52%
Elèves de Gryffondor 1989 Lee Jordan
52%
BONUS Vrai nom de Voldemort Tom Elvis Jedusor
52%
Quelques Sortilèges Sortilège d'Attraction Accio
51%
Quelques Sortilèges Sortilège de Déverrouillage Alohomora
51%
Elèves de Serpentard 1991 Blaise Zabini
51%
Quidditch Equipe de Serpentard Blaise Zabini
51%
Vocabulaire sorcier Enfant de sorcier né sans pouvoirs magiques Cracmol
51%
Objets magiques Permet de visionner ses souvenirs La Pensine
51%
Professeurs de Poudlard Soins aux Créatures Magiques Wilhelmina Gobe-Planche
51%
Quelques Sortilèges Sortilège de Désarmement Expelliarmus
50%
Animaux et Créatures Elfes de maison Winky
50%
Lieux de la saga Auberge miteuse de ce village La Tête de Sanglier
49%
Guerre des Sorciers Ordre du Phénix Molly Weasley
49%
Quelques Sortilèges Sortilège de Réduction Reducto
49%
Objets magiques Permet de voyager dans le Temps Un Retourneur de Temps
49%
Quelques Sortilèges Sortilège de Lévitation Wingardium Leviosa
49%
Moyens de transport sorciers Conduit par Ernie Danlmur Magicobus
48%
Quelques Sortilèges Sortilège d'Amnésie Oubliettes
48%
Lieux de la saga Adresse de la famille Black 12 Square Grimmaurd
47%
Directeurs de Poudlard Armando Dippet
47%
Animaux et Créatures Hibou de Ron Coquecigrue
47%
Elèves de Gryffondor 1990 Cormac McLaggen
47%
Lieux de la saga Lieu de la première rencontre entre Harry et Lockhart Fleury et Bott
47%
Elèves de Poufsouffle 1991 Hannah Abbot
47%
Objets magiques Miroir qui montre ce que l'on désire le plus Le Miroir du Riséd
47%
Vocabulaire sorcier Argent sorcier Mornille
47%
Lieux de la saga Magasin de Farces et Attrapes Zonko
47%
Quidditch Equipe de Gryffondor Jack Sloper
46%
Lieux de la saga Lieu de vie de Bill et Fleur La Chaumière aux Coquillages
46%
Objets magiques Les Horcruxes Le Journal de Jedusor
46%
Pièces et Endroits de Poudlard Les 1ères année le traverse en Septembre Le Lac noir
46%
Quelques Sortilèges Sortilège de Réparation Reparo
46%
Objets magiques Contient une fumée qui peut devenir rouge Un Rapeltout
46%
Elèves de Gryffondor 1989 Alicia Spinnet
45%
Quidditch Equipe de Gryffondor Alicia Spinnet
45%
Lieux de la saga Tom Jedusor y a travaillé Barjow et Beurk
45%
Postes au Ministère Chasseurs de Mages noirs Les Aurors
45%
Animaux et Créatures Aiment tout ce qui brille Les Niffleurs
45%
Elèves de Serpentard 1986 Marcus Flint
45%
Quidditch Equipe de Serpentard Marcus Flint
45%
Vocabulaire sorcier Argent sorcier Noise
45%
Guerre des Sorciers Premier Ordre du Phénix Alice Londubat
44%
Professeurs de Poudlard Etude des Moldus Charity Burbage
44%
Elèves de Poufsouffle 1991 Ernie Macmillan
44%
Patronus Ron Weasley Jack Russel Terrier
44%
Plantes magiques Dissimule l'entrée de la cabane hurlante Le Saule cogneur
44%
Animaux et Créatures Dragons Magyar à pointes
44%
Directeurs de Poudlard Phineas Nigellus Black
44%
Quelques Sortilèges Charme du Bouclier Protego
44%
Elèves de Gryffondor 1994 Dennis Crivey
43%
Guerre des Sorciers Premier Ordre du Phénix Frank Londubat
43%
Pièces et Endroits de Poudlard Lieu de prédilection des Serpentards Les cachots
43%
Quelques Sortilèges Contre-sort du sortilège d'Allumage Nox
43%
Quelques Sortilèges Sortilège d'Eau Aguamenti
42%
Objets magiques Légué à Ron par Dumbledore Le Déluminateur
42%
Potions Acheté par Romilda et ingéré par Ron Amortentia
41%
Patronus Cho Chang Cygne
41%
Objets magiques Permet de fabriquer l'élixir de longue vie La Pierre philosophale
41%
Animaux et Créatures Lockhart ne parvient pas à les contrôler Les Lutins de Cornouailles
41%
Livres et journaux magiques Journaliste des journaux précédants Rita Skeeter
41%
Potions Utilisé par Ombrage contre les élèves Veritaserum
41%
Animaux et Créatures Boursouflet de Ginny Arnold
40%
Moyens de transport sorciers Harry excelle dans cette discipline Balais volant
40%
Lieux de la saga Confiserie Honeydukes
40%
Objets magiques Meuble permettant de se déplacer entre 2 entités L'Armoire à Disparaître
40%
Moyens de transport sorciers Nécessite de bien articuler Poudre de cheminette
40%
Livres et journaux magiques Editeur de ce journal Xenophilius Lovegood
40%
BONUS Nom complet de Dumbledore Albus Perceval Wulfric Brian Dumbledore
39%
Guerre des Sorciers Mangemorts Peter Pettigrow
39%
Patronus Seamus Finnigan Renard
39%
Ministres de la Magie 1996 - 1997 Rufus Scrimgeour
39%
Patronus Arthur Weasley Belette
38%
Patronus Abelforth Dumbledore Bouc
38%
Guerre des Sorciers Rafleurs Fenrir Greyback
38%
Animaux et Créatures Hibou de Percy Hermès
38%
Elèves de Poufsouffle 1991 Justin Finch-Fletchley
38%
Animaux et Créatures Centaures Bane
37%
Livres et journaux magiques Quotidien rarement objectif La Gazette du Sorcier
37%
Livres et journaux magiques Journal fantaisiste Le Chicaneur
37%
Animaux et Créatures Peuplent les jardins Les Gnomes
37%
Objets magiques Note des propos en les exagérant Une Plume à Papote
37%
Moyens de transport sorciers Vit désormais dans la Forêt interdite Ford Anglia d'Arthur Weasley
36%
Guerre des Sorciers Anciens Mangemorts Igor Karkaroff
36%
Objets magiques "Elle n'absorbe que ce qui la renforce" L'Epée de Gryffondor
36%
Livres et journaux magiques Auteur de "Vie et Habitat des Animaux Fantastiques" Norbert Dragonneau
36%
Lieux de la saga Boutique de Fred et George Weasley, Farces pour sorciers facétieux
36%
Pièces et Endroits de Poudlard Bellatrix y met le feu en 6ème année La cabane de Hagrid
35%
Plantes magiques "A l'ombre est vivace mais au soleil grimace" Le Filet du Diable
35%
Elèves de Serdaigle 1990 Marcus Belby
35%
Patronus Ernie Macmillan Sanglier
35%
Professeurs de Poudlard Arithmancie Septima Vector
35%
Pièces et Endroits de Poudlard Cho et Harry s'y sont croisés La volière
34%
Animaux et Créatures Fleur n'a pas pu s'en débarasser Les Strangulots
34%
Patronus Kingsley Shacklebolt Lynx
34%
Vocabulaire sorcier Sorcier né avec la capacité de changer son apparence Métamorphomage
34%
Guerre des Sorciers Ordre du Phénix Mondingus Fletcher
34%
Elèves de Poufsouffle 1991 Susan Bones
34%
Livres et journaux magiques Auteure de "Histoire de la Magie" Bathilda Tourdesac
33%
Livres et journaux magiques Noms des protagonistes de ce conte Ignotus Peverell
33%
Animaux et Créatures Il y en a une dans le grenier des Weasley La Goule
33%
Lieux de la saga Tribunal des Sorciers Le Magenmagot
33%
Potions Préparé par Rogue pour un collègue Tue-Loup
33%
Elèves de Serpentard 1991 Millicent Bulstrode
32%
Moyens de transport sorciers D'apparence usagé pour éloigner les Moldus Portoloin
32%
Guerre des Sorciers Mangemorts Antonin Dolohov
31%
Guerre des Sorciers Mangemorts Barty Croupton Jr.
31%
Animaux et Créatures Dragons Boutefeu chinois
31%
Lieux de la saga Glacier apprécié d'Harry Florian Fortarôme
31%
Elèves de Serdaigle 1987 Penelope Deauclaire
31%
Exceptions à la loi de Gamp Amour
30%
Quelques Sortilèges Maléfice du Saucisson Petrificus Totalus
30%
Guerre des Sorciers Anciens Mangemorts Regulus Arcturus Black
30%
Guerre des Sorciers Mangemorts Rodolphus Lestrange
30%
Animaux et Créatures Dragons Vert gallois
30%
Quelques Sortilèges Sortilège de Feu Incendio
29%
Lieux de la saga Boutique de prêt-à-porter Madame Guipure, prêt-à-porter pour Mages et Sorciers
29%
BONUS Nom complet de Nick Quasi sans Tête Sir Nicholas de Mimsy Porpington
29%
Exceptions à la loi de Gamp Vie
29%
Livres et journaux magiques Recueil d'Histoires pour enfants Les Contes de Beedle le Barde
28%
Lieux de la saga Ville des Dursley Little Whinging
28%
Lieux de la saga Harry y serait pensionnaire, selon Vernon Centre d'éducation des jeunes délinquants récidivistes de St Brutus
27%
Quelques Sortilèges Antisort général Finite Incantatem
27%
Pièces et Endroits de Poudlard Il est interdit d'y manger La bibliothèque
27%
Lieux de la saga QG de Voldemort durant l'été 1997 La manoir des Malefoy
27%
Exceptions à la loi de Gamp Nourriture
27%
Guerre des Sorciers Mangemorts Corban Yaxley
26%
Livres et journaux magiques Conte lu par Hermione dans ce recueil Le Conte des trois frères
26%
Autres employés du Ministère Département des jeux et sports magiques Ludovic Verpey
26%
Elèves de Serpentard 1991 Theodore Nott
26%
Quelques Sortilèges Sortilège de Confusion Confundo
25%
Pièces et Endroits de Poudlard Harry s'y retrouve presque chaque année scolaire L'infirmerie
25%
Lieux de la saga Village des Jedusor et des Gaunt Little Hangleton
25%
Elèves de Serdaigle 1991 Michael Corner
25%
Professeurs de Poudlard Soins aux Créatures Magiques Silvanus Brûlopot
25%
Elèves de Poufsouffle 1992 Zacharias Smith
25%
Elèves de Serdaigle 1991 Anthony Goldstein
24%
Professeurs de Poudlard Etude des Runes Bathsheba Babbling
24%
Objets magiques Permet d'épier une conversation inaudible, à distance Des Oreilles à rallonge
24%
Guerre des Sorciers Ordre du Phénix Fleur Delacour
24%
Autres employés du Ministère Département de la coopération magique internationale Barty Croupton Sr.
23%
Animaux et Créatures Sont les mascottes de l'équipe d'Irlande de Quidditch Les Farfadets
23%
Elèves de Gryffondor 1993 Romilda Vane
23%
Livres et journaux magiques Noms des protagonistes de ce conte Cadmus Peverell
22%
Guerre des Sorciers Anciens Mangemorts Evan Rosier
22%
Animaux et Créatures Dragons Norvégien à crête
22%
Animaux et Créatures Dragons Suédois à museau court
22%
Autres employés du Ministère Département de la justice magique Amelia Bones
21%
Livres et journaux magiques Noms des protagonistes de ce conte Antioche Peverell
21%
Lieux de la saga Adresse de Severus Rogue Impasse du Tisseur
21%
Livres et journaux magiques Livre choisi par Hagrid pour sa première année de cours Le Monstrueux Livre des Monstres
21%
Livres et journaux magiques Autobiographie de Lockhart Moi le Magicien
21%
Lieux de la saga Lieu où a grandi Tom Jedusor Orphelinat Wool
21%
Guerre des Sorciers Mangemorts Rabastan Lestrange
21%
Directeurs de Poudlard Dilys Derwent
20%
Guerre des Sorciers Ordre du Phénix Elphias Doge
20%
Autres employés du Ministère Service des usages abusifs de la magie Mafalda Hopkrik
20%
Elèves de Serdaigle 1991 Terry Boot
20%
Guerre des Sorciers Ordre du Phénix Abelforth Dumbledore
19%
Elèves de Serdaigle 1990 Marietta Edgecombe
19%
Animaux et Créatures Gobelins Bogrod
18%
Ministres de la Magie 1997 - 1998 Pius Thicknesse
18%
Musique des sorciers Groupe jouant au Bal de Noël Bizarr' Sisters
17%
Quidditch Joueurs connus Gwenog Jones
17%
Plantes magiques Un cicatrisant puissant sous la forme d'essence Le Dictame
17%
Animaux et Créatures Centaures Magorian
17%
Guerre des Sorciers Mangemorts Nott
17%
Quelques Sortilèges Maléfice Explosif Confringo
16%
Postes au Ministère Employés du Département des Mystères Les Langues-de-Plomb
16%
Autres employés du Ministère Département de la maintenance magique Reginald Cattermole
16%
Elèves de Serdaigle 1989 Roger Davies
16%
Guerre des Sorciers Ordre du Phénix Arabella Figg
15%
Guerre des Sorciers Mangemorts Augustus Rookwood
15%
Guerre des Sorciers Ordre du Phénix Dedalus Diggle
15%
Lieux de la saga Animalerie spécialisée dans les chouettes et hibous Eeylops, au royaume du Hibou
15%
Guerre des Sorciers Premier Ordre du Phénix Fabian Prewett
15%
Guerre des Sorciers Premier Ordre du Phénix Gideon Prewett
15%
Guerre des Sorciers Ordre du Phénix Hestia Jones
15%
Animaux et Créatures Infestent les rideaux du 12 Square Grimmaurd Les Doxys
15%
Lieux de la saga Salon de thé fréquenté par Cho Madame Pieddodu
15%
Autres employés du Ministère Commission d'enregistrement des nés-Moldus Albert Runcorn
14%
Autres employés du Ministère Département de contrôle des créatures magiques Amos Diggory
14%
Guerre des Sorciers Mangemorts Avery
14%
Objets magiques Jumelles avec de nombreuses options Des Multiplettes
14%
Quelques Sortilèges Sortilège de Découpe Diffindo
14%
Exceptions à la loi de Gamp Information
14%
Plantes magiques Elles poussent devant la maison des Lovegood Les Prunes dirigeables
14%
Livres et journaux magiques Magasine féminin Sorcière-Hebdo
14%
Guerre des Sorciers Mangemorts Walden Macnair
14%
Autres employés du Ministère Commission d'Examen des Créatures dangereuses Walden Macnair
14%
Guerre des Sorciers Ordre du Phénix Emmeline Vance
13%
Elèves de Serpentard 1989 Graham Montague
13%
Quidditch Equipe de Serpentard Graham Montague
13%
Animaux et Créatures Hybride de scorpion, sûrement créé par Hagrid Le Scroutt à Pétard
13%
Guerre des Sorciers Premier Ordre du Phénix Marlene McKinnon
13%
Objets magiques Toupie qui détecte le danger Un Scrutoscope
13%
Livres et journaux magiques Biographie de Dumbledore par cette journaliste Vie et mensonges d'Albus Dumbledore
13%
Elèves de Serpentard 1989 Adrian Pucey
12%
Quidditch Equipe de Serpentard Adrian Pucey
12%
Quidditch Equipe de Gryffondor Demelza Robins
12%
Animaux et Créatures Gobelins Gornuk
12%
Animaux et Créatures Chantent l'indice de la deuxième tâche Les Êtres de l'eau
12%
Lieux de la saga Animalerie d'où vient le chat d'Hermione Ménagerie magique
12%
Musique des sorciers Molly Weasley l'adore Celestina Moldubec
11%
Lieux de la saga Boutique d'objets magiques Derviche et Bang
11%
Quidditch Equipe de Gryffondor Jimmy Peakes
11%
Postes au Ministère Chargés d'effacer la mémoire des Moldus Les Oubliators
11%
Lieux de la saga Village des Weasley Loutry Sainte Chaspoule
11%
Guerre des Sorciers Ordre du Phénix Sturgis Podmore
11%
Guerre des Sorciers Mangemorts Travers
11%
Quidditch Equipe de Gryffondor Andrew Kirke
10%
Pièces et Endroits de Poudlard La vue donne sur la cour La tour de l'Horloge
10%
Objets magiques Lunettes de Luna offertes dans le Chicaneur Les Lorgnospectres
10%
Quelques Sortilèges Remontée des Sortilèges Priori Incantatum
10%
Quelques Sortilèges Sortilège d'Engorgement Amplificatum
9%
Autres employés du Ministère Département des jeux et sports magiques Bertha Jorkins
9%
Quelques Sortilèges Contre-sort du sortilège de Stupéfixion Enervatum
9%
Guerre des Sorciers Mangemorts Mulciber
9%
Guerre des Sorciers Rafleurs Scabior
9%
Quidditch Equipe de Serpentard Cassius Warrington
8%
Directeurs de Poudlard Everard
8%
Autres employés du Ministère Bureau des Aurors John Dawlish
8%
Plantes magiques Neville en possède un Mimbulus Mimbletonia
8%
Quidditch Equipe de Gryffondor Ritchie Coote
8%
Guerre des Sorciers Mangemorts Thorfinn Rowle
8%
BONUS Devise de Poudlard Draco Dormiens Nunquam Titillandus
7%
Quelques Sortilèges Sortilège de Disparition Evanesco
7%
Quidditch Equipe de Serpentard Lucian Bole
7%
Lieux de la saga L'éclair de feu était exposé en vitrine en 1993 Magasin d'accessoires de Quidditch
7%
Quidditch Equipe de Serpentard Terence Higgs
7%
Autres employés du Ministère Département des mystères Broderick Moroz
6%
Autres employés du Ministère Bureau de liaison des gobelins Dirk Cresswell
6%
Autres employés du Ministère Académie des examinateurs magiques Griselda Marchebank
6%
Pièces et Endroits de Poudlard Lieu n'apparaissant que dans les films Le hangar à bateaux
6%
Livres et journaux magiques Ecrit par Kennilworthy Whisp Le Quidditch à travers les âges
6%
Lieux de la saga Magasin de plumes et parchemin Magasin de plumes Scribenpenne
6%
Quidditch Equipe de Serpentard Miles Bletchley
6%
Quidditch Equipe de Serpentard Peregrine Derrick
6%
Guerre des Sorciers Mangemorts Selwyn
6%
Lieux de la saga Collège privé où va Dudley Smelting
6%
Lieux de la saga Village moldu où se réfugie Slughorn Budly Babberton
5%
Quelques Sortilèges Sortilège de Terrassement Defodio
5%
Lieux de la saga Harry y achète un cadeau pour Dobby Gaichiffon
5%
Lieux de la saga Rue où Hermione choisit de transplaner Tottenham Court Road
5%
Lieux de la saga Adresse de Mrs Figg Wisteria Walk
5%
Lieux de la saga Rue moldue où se trouve l'entrée du Chemin de Traverse Charing Cross Road
4%
Autres employés du Ministère Département des transports magiques Wilkie Tycross
4%
Aucun quiz correspondant
Distribution des résultats
% des personnes avec chaque résultat
Percentile par nombre de réponses
Votre historique - résultats
Vous n’avez pas pris ce quiz depuis la dernière actualisation